000
00210nam a22000857a 4500
008
170119b xxu||||| |||| 00| 0 eng d
100
_9
2508
_a
Bhatia.R.
245
_a
Social Science-9
260
_a
New Delhi
_b
M.A.
_c
2010
999
_c
5581
_d
5581